000 01006cad a22002175a 4500
001 L155893
008 120419s2012 xxk f 000 0 eng d
020 _a9781409834366
035 _a(Sirsi) u155893
041 0 _aeng
110 2 _aUnited Kingdom
_bDepartment for Communities and Local Government
_94939
245 0 0 _aChanges to the Energy Performance of Buildings Framework
_bPolicy update 5 Energy Performance Certificate compliance and enforcement
_h[electronic resource]
260 _aLondon
_cDCLG
_b2012
520 _aSummaries change to Energy Performance of Building Regulaitons 2007. Outlines details of Energy Performance Certificate compliance and enforce through a series of questions and answers.
590 _aKA
651 4 _aENGLAND AND WALES
690 _aResidential property
_96266
690 _aSustainability
_96271
856 4 0 _uhttps://www.communities.gov.uk/documents/planningandbuilding/pdf/2122141.pdf
_zView the item free of charge at www.communities.gov.uk
942 _n0
999 _c113902
_d113902